| 000 | 00547nam a22001697a 4500 | ||
|---|---|---|---|
| 005 | 20260218143935.0 | ||
| 008 | 260218b |||||||| |||| 00| 0 eng d | ||
| 020 | _a9789387791282 | ||
| 040 | _cVITAP | ||
| 082 |
_223rd Ed. _a230.35 HIN |
||
| 100 |
_aThe Hindu Group _917101 |
||
| 245 |
_aShirdi Sai Baba Temple : A Century of Solace _c/ The Hindu Group |
||
| 260 |
_aChennai _bTHG (The Hindu Group) Publishing Private Limited _c2018 |
||
| 300 | _a96p. : ill. ; 30cm | ||
| 650 | 0 |
_aSai Baba; Religious Leaders; Religion _917103 |
|
| 942 |
_2ddc _cREF |
||
| 999 |
_c47282 _d47282 |
||